|
|
|
|
| LEADER |
00791nam a22002292a 4500 |
| 001 |
000410840 |
| 003 |
CZ BrMZK |
| 005 |
20011204111214.0 |
| 008 |
010825s1975 xr f cze d |
| 040 |
|
|
|a BOA001
|b cze
|c BOA002
|
| 100 |
1 |
|
|a Jílková, Eva,
|d 1923-
|7 jk01051716
|4 aut
|
| 245 |
1 |
0 |
|a O zlaté rybce /
|c na motivy ruské pohádky napsala Eva Jílková ; ilustroval Vojtěch Kubašta
|
| 250 |
|
|
|a 1. vyd.
|
| 260 |
|
|
|a Praha :
|b Orbis,
|c 1975
|
| 300 |
|
|
|a Nestr.
|
| 500 |
|
|
|a Platické skládací leporelo
|
| 700 |
1 |
|
|a Kubašta, Vojtěch,
|d 1914-1992
|7 jk01070261
|4 ill
|
| 910 |
|
|
|a BOA001
|b PK-0076.567
|
| 964 |
|
|
|a Leporela
|
| 964 |
|
|
|a Pohádky lidové ruské - leporela
|
| 990 |
|
|
|a BK
|
| 996 |
7 |
|
|b 3119823916
|c PK-0076.567
|l MZK
|r Sklad / do 1 hodiny
|n 1
|w 000410840
|u 000010
|a 1
|e BOA001
|j MZK50
|s A
|